header

The story so far (Record no. 165710)

MARC details
000 -LEADER
fixed length control field 01253nam a2200325Ia 4500
082 04 - DEWEY DECIMAL CLASSIFICATION NUMBER
Classification number 618.92/891653
245 04 - TITLE STATEMENT
Title The story so far
260 ## - PUBLICATION, DISTRIBUTION, ETC. (IMPRINT)
Place of publication London ;
-- Philadelphia :
Name of publisher Jessica Kingsley Pub.,
Year of publication 2002.
300 ## - PHYSICAL DESCRIPTION
Number of Pages 238 p. :
Other physical details ill.
650 #0 - SUBJECT ADDED ENTRY--TOPICAL TERM
Topical Term Mental health counseling.
Topical Term Narrative therapy.
Topical Term Play therapy
Topical Term Play
700 1# - ADDED ENTRY--PERSONAL NAME
Personal name Cattanach, Ann.
856 40 - ELECTRONIC LOCATION AND ACCESS
Uniform Resource Identifier http://site.ebrary.com/lib/rucke/Doc?id=10035692

No items available.

© 2026 Rongo University
Contact us: librarian | system librarian | Rongo university